លក្ខណៈជីវសាស្រ្តសត្វព្រៃ (Record no. 9911)

000 -LEADER
fixed length control field 00301nam a22001217a 4500
040 ## - CATALOGING SOURCE
Transcribing agency SY
082 ## - DEWEY DECIMAL CLASSIFICATION NUMBER
Classification number 598
100 ## - MAIN ENTRY--AUTHOR NAME
Personal name ស៊ុន ហ៊ាន
245 ## - TITLE STATEMENT
Title លក្ខណៈជីវសាស្រ្តសត្វព្រៃ
260 ## - PUBLICATION, DISTRIBUTION, ETC. (IMPRINT)
Place of publication RUA
Name of publisher ស៊ុន
Year of publication NA
300 ## - PHYSICAL DESCRIPTION
Number of Pages 47p.
942 ## - ADDED ENTRY ELEMENTS (KOHA)
Koha item type សៀវភៅភាសាខ្មែរ
952 ## - LOCATION AND ITEM INFORMATION (KOHA)
Withdrawn status [LOCAL, KOHA] 0
Holdings
Koha item type Barcode Lost status Permanent Location Current Location Date acquired Full call number
សៀវភៅភាសាខ្មែរRUA045637 Library Block CLibrary Block C2016-09-15598 ស៊ុន NA
មជ្ឈមណ្ឌលឯការនៃសាកលវិទ្យាល័យភូមិន្ទកសិកម្មចំការដូង

Powered by Koha